000 00612nam a2200229Ia 4500
003 OSt
005 20220924145555.0
006 a|||||r|||| 00| 0
007 ta
008 220923b |||||||| |||| 00| 0 per d
024 _a329344
037 _cTextual
040 _aARTS
_cARTS
_bper
041 _2per
_aper
082 _aP28xD7SI:g, 164L9
100 _aSikandari Mohammad Hussain Au.
_9220059
245 0 _aSaiboya
260 _c1979
650 _aARABIC LANGUAGE
_931794
942 _hP28xD7SI:g, 164L9
_cTEXL
_2CC
999 _c460494
_d460494